Impact of climate change on plant diseases: An overview (Record no. 60721)

MARC details
000 -LEADER
fixed length control field 00398nam a2200157Ia 4500
100 ## - MAIN ENTRY--AUTHOR NAME
Personal name Choudhary C S
245 #0 - TITLE STATEMENT
Title Impact of climate change on plant diseases: An overview
260 ## - PUBLICATION, DISTRIBUTION, ETC. (IMPRINT)
Name of publisher Rashtriya Krishi
Year of publication 2015
300 ## - PHYSICAL DESCRIPTION
Number of Pages 11-Sep
650 ## - SUBJECT ADDED ENTRY--TOPICAL TERM
Topical Term Climate change
650 ## - SUBJECT ADDED ENTRY--TOPICAL TERM
Topical Term Plant disease
700 ## - ADDED ENTRY--PERSONAL NAME
Personal name Jha P K
700 ## - ADDED ENTRY--PERSONAL NAME
Personal name Rai B
942 ## - ADDED ENTRY ELEMENTS (KOHA)
Koha item type Journals
Holdings
Withdrawn status Lost status Damaged status Not for loan Home library Current library Shelving location Date acquired Serial Enumeration / chronology Koha item type
      Journals RRII Library RRII Library Climate change 01/01/2021 Volume 10, Issue 2 Journals